| 000 | 00573cam a2200217 a 4500 | ||
|---|---|---|---|
| 001 | |||
| 003 | DO-SdBNP | ||
| 005 | 20220428113421.0 | ||
| 008 | 220428b1983 nyu |||||||| |||| 00| 0 eng d | ||
| 040 |
_aBPMSU _bspa _cBPMSU |
||
| 041 | 1 | 7 | _aeng |
| 082 |
_a813 _bM478w 1983 _222 |
||
| 100 | 1 |
_aMcBain, Laurie. _d1949- |
|
| 245 | 1 | 0 |
_aWild bells to the wild sky / _cLaurie McBain |
| 260 |
_aNew York, N.Y. : _bAvon, _c1983. |
||
| 300 |
_a505 p. : _c23 cm. |
||
| 590 | _6Inventariado, 2022/VM | ||
| 650 | 4 | _aNovela estadounidense | |
| 910 | _aVMateo V. | ||
| 942 |
_2ddc _cBK |
||
| 999 |
_c14173 _d14173 |
||